000 00568cam a2200217ua 4500
001 8369
005 20260515114327.0
008 150129n ii |||gr||||Z||||||eng
020 _a9788172735951
040 _cMAIN
041 _aeng
082 _a820
100 _aPatil, M.,
_eAuthor.
245 1 _aTrends and techniques in modern english literature
_cBy Mallikarjun Patil
250 _a1st.
260 _aNew Delhi:
_bAuthorpress,
_c2011.
300 _a259p.
653 _aEnglish.& Old English literatures
653 _aModern english literature
942 _cBK
999 _c7474
_d7474